000 00518nam a2200205Ia 4500
003 OSt
005 20140321084103.0
008 140130s9999 xx 000 0 und d
020 _a0590849107
050 _aPZ 7
_b.M478818Days 2003
100 _aMcPhail, David
245 _cDavid McPhail
_aThe day the sheep showed up /
260 _bScholastic,
_c2003.
_aNew York :
300 _a1 v. (unpaged) :
_bcol. ill. ;
_c23 cm.
440 _v1
521 _aG1
526 _c230
942 _cBK
_2lcc
999 _c40013
_d40013